| 000 -LEADER |
| fixed length control field |
02729cam a2200589 i 4500 |
| 001 - CONTROL NUMBER |
| control field |
(Sirsi) a1125720 |
| 003 - CONTROL NUMBER IDENTIFIER |
| control field |
OSt |
| 005 - DATE AND TIME OF LATEST TRANSACTION |
| control field |
20230602145320.0 |
| 008 - FIXED-LENGTH DATA ELEMENTS--GENERAL INFORMATION |
| fixed length control field |
151118t20142014nyuab b 000 1 eng d |
| 010 ## - LIBRARY OF CONGRESS CONTROL NUMBER |
| LC control number |
2015506272 |
| 020 ## - INTERNATIONAL STANDARD BOOK NUMBER |
| International Standard Book Number |
9780545726740 |
| Qualifying information |
(paperback) : |
| 040 ## - CATALOGING SOURCE |
| Original cataloging agency |
BTCTA |
| Language of cataloging |
eng |
| Description conventions |
rda |
| Transcribing agency |
DLC |
| Modifying agency |
BTCTA |
| -- |
YDXCP |
| -- |
BDX |
| -- |
MSA |
| -- |
CXP |
| -- |
ABG |
| -- |
IGP |
| -- |
OCLCF |
| -- |
TDS |
| -- |
CNGUL |
| -- |
NZALP |
| -- |
NZQQP |
| -- |
NZIPP |
| -- |
BYV |
| -- |
CHILD |
| -- |
OCLCQ |
| -- |
OCL |
| -- |
TAE |
| -- |
KH8 |
| Description conventions |
rda |
| 041 1# - LANGUAGE CODE |
| Language code of text/sound track or separate title |
eng |
| Language code of original |
ita |
| 042 ## - AUTHENTICATION CODE |
| Authentication code |
nbic |
| 082 0# - DEWEY DECIMAL CLASSIFICATION NUMBER |
| Classification number |
FIC STI |
| 100 1# - MAIN ENTRY--PERSONAL NAME |
| Personal name |
Stilton, Geronimo, |
| Relator term |
author. |
| 240 10 - UNIFORM TITLE |
| Uniform title |
Caccia al libro d'oro. |
| Language of a work |
English. |
| 245 14 - TITLE STATEMENT |
| Title |
The hunt for the golden book / |
| Statement of responsibility, etc. |
Geronimo Stilton ; illustrations by Danilo Barozzi and Silvia Bigolin (design) and Christian Aliprandi (color) ; translated by Lidia Morson Tramontozzi and Julia Heim. |
| 264 #4 - PRODUCTION, PUBLICATION, DISTRIBUTION, MANUFACTURE, AND COPYRIGHT NOTICE |
| Date of production, publication, distribution, manufacture, or copyright notice |
©2014. |
| 264 #1 - PRODUCTION, PUBLICATION, DISTRIBUTION, MANUFACTURE, AND COPYRIGHT NOTICE |
| Place of production, publication, distribution, manufacture |
New York, NY : |
| Name of producer, publisher, distributor, manufacturer |
Scholastic Inc., |
| Date of production, publication, distribution, manufacture, or copyright notice |
[2014] |
| 300 ## - PHYSICAL DESCRIPTION |
| Extent |
190 pages : |
| Other physical details |
color illustrations, color maps ; |
| Dimensions |
20 cm. |
| 336 ## - CONTENT TYPE |
| Content type term |
text |
| Content type code |
txt |
| Source |
rdacontent. |
| 337 ## - MEDIA TYPE |
| Media type term |
unmediated |
| Media type code |
n |
| Source |
rdamedia. |
| 338 ## - CARRIER TYPE |
| Carrier type term |
volume |
| Carrier type code |
nc |
| Source |
rdacarrier. |
| 490 1# - SERIES STATEMENT |
| Series statement |
Geronimo Stilton. |
| 500 ## - GENERAL NOTE |
| General note |
Originally published in Italy by Edizioni Piemme S.p.A. International in 2010 under title: Caccia al libro d'oro. |
| 500 ## - GENERAL NOTE |
| General note |
Mini mystery: The lake monster originally published in Italy by Edizioni Piemme S.p.A. International in 2007 under title: Il mostro di Lago Lago. |
| 500 ## - GENERAL NOTE |
| General note |
"Plus a bonus Mini Mystery and cheesy jokes!" |
| 505 0# - FORMATTED CONTENTS NOTE |
| Formatted contents note |
The hunt for the golden book -- Mini mystery: The lake monster -- Geronimo's jokes. |
| 520 ## - SUMMARY, ETC. |
| Summary, etc. |
Geronimo Stilton's laptop is stolen just as he is finishing up writing a special book, and he and his friends need to find it in time for the tenth anniversary party. In the bonus mini mystery, Geronimo is sent to the lake to get a news story and photographs of the lake monster for The Rodent's Gazette. |
| 521 1# - TARGET AUDIENCE NOTE |
| Target audience note |
Ages 7-10. |
| 546 ## - LANGUAGE NOTE |
| Language note |
Translated from the Italian. |
| 600 10 - SUBJECT ADDED ENTRY--PERSONAL NAME |
| Personal name |
Stilton, Geronimo |
| Form subdivision |
Juvenile fiction. |
| 650 #0 - SUBJECT ADDED ENTRY--TOPICAL TERM |
| Topical term or geographic name entry element |
Authors |
| Form subdivision |
Juvenile fiction. |
| 650 #0 - SUBJECT ADDED ENTRY--TOPICAL TERM |
| Topical term or geographic name entry element |
Books and reading |
| Form subdivision |
Juvenile fiction. |
| 650 #0 - SUBJECT ADDED ENTRY--TOPICAL TERM |
| Topical term or geographic name entry element |
Theft |
| Form subdivision |
Juvenile fiction. |
| 650 #0 - SUBJECT ADDED ENTRY--TOPICAL TERM |
| Topical term or geographic name entry element |
Monsters |
| Form subdivision |
Juvenile fiction. |
| 650 #1 - SUBJECT ADDED ENTRY--TOPICAL TERM |
| Topical term or geographic name entry element |
Authorship |
| Form subdivision |
Fiction. |
| 650 #1 - SUBJECT ADDED ENTRY--TOPICAL TERM |
| Topical term or geographic name entry element |
Books |
| Form subdivision |
Fiction. |
| 650 #1 - SUBJECT ADDED ENTRY--TOPICAL TERM |
| Topical term or geographic name entry element |
Stealing |
| Form subdivision |
Fiction. |
| 650 #1 - SUBJECT ADDED ENTRY--TOPICAL TERM |
| Topical term or geographic name entry element |
Mice |
| Form subdivision |
Fiction. |
| 650 #1 - SUBJECT ADDED ENTRY--TOPICAL TERM |
| Topical term or geographic name entry element |
Monsters |
| Form subdivision |
Fiction. |
| 650 #1 - SUBJECT ADDED ENTRY--TOPICAL TERM |
| Topical term or geographic name entry element |
Humorous stories. |
| 650 #1 - SUBJECT ADDED ENTRY--TOPICAL TERM |
| Topical term or geographic name entry element |
Mystery and detective stories. |
| 700 1# - ADDED ENTRY--PERSONAL NAME |
| Personal name |
Barozzi, Danilo, |
| Relator term |
illustrator. |
| 700 1# - ADDED ENTRY--PERSONAL NAME |
| Personal name |
Bigolin, Silvia, |
| Relator term |
illustrator. |
| 700 1# - ADDED ENTRY--PERSONAL NAME |
| Personal name |
Tramontozzi, Lidia Morson, |
| Relator term |
translator. |
| 700 1# - ADDED ENTRY--PERSONAL NAME |
| Personal name |
Heim, Julia, |
| Relator term |
translator. |
| 800 1# - SERIES ADDED ENTRY--PERSONAL NAME |
| Personal name |
Stilton, Geronimo. |
| Title of a work |
Geronimo Stilton. |
| 830 #0 - SERIES ADDED ENTRY--UNIFORM TITLE |
| Uniform title |
Geronimo Stilton. |
| 942 ## - ADDED ENTRY ELEMENTS (KOHA) |
| Source of classification or shelving scheme |
|
| Koha item type |
Books - Fiction |